书目信息 |
| 题名: |
足球运动员身体素质训练
|
|
| 作者: | 皮尔逊, 著 ;王跃新 , 吕志刚 译 | |
| 分册: | ||
| 出版信息: | 北京 人民体育出版社 2004.11 |
|
| 页数: | 205页 | |
| 开本: | 20cm | |
| 丛书名: | ||
| 单 册: | ||
| 中图分类: | G843.2 | |
| 科图分类: | ||
| 主题词: | 足球运动--运动员--身体素质--运动训练 | |
| 电子资源: | ||
| ISBN: | 7-5009-2606-5 | |
| 000 | 00787nam0 2200229 450 | |
| 001 | 0163503463 | |
| 005 | 20050530161241.24 | |
| 010 | @a7-5009-2606-5@dCNY 14.00 | |
| 100 | @a20041201d2004 km y0chiy0120 ea | |
| 101 | 0 | @achi |
| 102 | @aCN@b110000 | |
| 105 | @aa z 000yy | |
| 200 | 1 | @a足球运动员身体素质训练@Azu qiu yun dong yuan shen ti su zhi xun lian@f(英) 艾伦·皮尔逊著@F(ying)ai lun·pi er xun zhu@g王跃新, 吕志刚译@Gwang yue xin,lu zhi gang yi |
| 210 | @a北京@c人民体育出版社@d2004.11 | |
| 215 | @a205页@c图@d20cm | |
| 606 | 0 | @a足球运动@x运动员@x身体素质@x运动训练 |
| 690 | @aG843.2@v4 | |
| 701 | 1 | @a皮尔逊,@Api er xun,@b艾伦@4著 |
| 702 | 0 | @a王跃新@Awang yue xin@4译 |
| 702 | 0 | @a吕志刚@Alu zhi gang@4译 |
| 801 | 0 | @aCN@bQSSK@c20050530 |
| 905 | @a10447@dG843.2@eP622 | |
| 足球运动员身体素质训练/(英) 艾伦·皮尔逊著/王跃新, 吕志刚译.-北京:人民体育出版社,2004.11 |
| 205页:图;20cm |
| ISBN 7-5009-2606-5:CNY 14.00 |
| ● |
| 相关链接 |
|
|
|
正题名:足球运动员身体素质训练
索取号:G843.2/P622
 
预约/预借
| 序号 | 登录号 | 条形码 | 馆藏地/架位号 | 状态 | 备注 |
| 1 | 499471 | 204994710 | 体育教学部资料室/ [索取号:G843.2/P622] | 在馆 | |
| 2 | 499472 | 204994729 | 社科库409/409社科库 23排3列2层/ [索取号:G843.2/P622] | 在馆 | |
| 3 | 499473 | 204994738 | 社科库409/409社科库 23排3列2层/ [索取号:G843.2/P622] | 在馆 |